00228nam a22000977a 4500020001800000082001400018100001700032245004000049260003300089300000800122 a9780122063701 a501.4 DAV aMartha Davis aScientific Papers and Presentations aLondonbAcadamic Pressc1997 a296